| 000 -LEADER |
| fixed length control field |
00772cam a2200229 a 4500 |
| 020 ## - INTERNATIONAL STANDARD BOOK NUMBER |
| ISBN |
1855143534 |
| 020 ## - INTERNATIONAL STANDARD BOOK NUMBER |
| ISBN |
9781855143531 |
| 020 ## - INTERNATIONAL STANDARD BOOK NUMBER |
| ISBN |
9781855143531 |
| 020 ## - INTERNATIONAL STANDARD BOOK NUMBER |
| ISBN |
1855143534 |
| 040 ## - CATALOGING SOURCE |
| Transcribing agency |
UKM |
| 082 04 - DEWEY DECIMAL CLASSIFICATION NUMBER |
| Classification number |
779 NPG 2005 C149 Or. |
| 100 1# - MAIN ENTRY--AUTHOR NAME |
| Personal name |
Muir, Robin. |
| 245 14 - TITLE STATEMENT |
| Title |
The world's most photographed / |
| 260 ## - PUBLICATION, DISTRIBUTION, ETC. (IMPRINT) |
| Place of publication |
London : |
| Name of publisher |
National Portrait Gallery, |
| Year of publication |
c2005. |
| 300 ## - PHYSICAL DESCRIPTION |
| Number of Pages |
200 p. : |
| Other physical details |
ill. (some col.), ports. (some col.) ; |
| Dimensions |
29 cm. |
| 500 ## - GENERAL NOTE |
| General note |
"To accompany a BBC TWO ten-part series and a major exhibition at the National Portrait Gallery, London from 6 July to 23 October 2005"--t.p. verso. |
| 500 ## - GENERAL NOTE |
| General note |
Includes index. |
| 650 #0 - SUBJECT ADDED ENTRY--TOPICAL TERM |
| Topical Term |
Celebrities. |
| 650 #0 - SUBJECT ADDED ENTRY--TOPICAL TERM |
| Topical Term |
Celebrities |
| 710 2# - ADDED ENTRY--CORPORATE NAME |
| Corporate name or jurisdiction name as entry element |
National Portrait Gallery (Great Britain) |
| 942 ## - ADDED ENTRY ELEMENTS (KOHA) |
| Koha item type |
ADB |
| 952 ## - LOCATION AND ITEM INFORMATION (KOHA) |
| Withdrawn status [LOCAL, KOHA] |
0 |